| 000 | 00733nam a2200265Ia 4500 | ||
|---|---|---|---|
| 008 | 160803s9999 xx 000 0 und d | ||
| 020 | _a978-0590447713 | ||
| 100 | _aMcGovern, Ann | ||
| 245 | _aShark lady : | ||
| 245 | _btrue adventures of Eugenie Clark / | ||
| 245 | _cby Ann McGovern ; illustrated by Ruth Chew. | ||
| 260 | _aNew York : | ||
| 260 | _bScholastic Inc. | ||
| 260 | _c1978 | ||
| 300 | _a91 pages : | ||
| 300 | _billustrations ; | ||
| 300 | _c20 cm. | ||
| 650 | _aClark, Eugenie -- | ||
| 650 | _aIchthyologists -- United States -- | ||
| 650 | _aSharks -- Research -- | ||
| 650 | _xJuvenile literature. | ||
| 650 | _xJuvenile literature. | ||
| 650 | _xJuvenile literature. | ||
| 700 | _a750 | ||
| 999 |
_c298807 _d298807 |
||